000
00295nam a2200097Ia 4500
008
180430s9999 xx 000 0 und d
020
_a
9781472344502
245
_a
Slow cooker :
_b
everyday recipes to enjoy /
260
_a
WS Pacific Publications,Inc.
_b
Parragon Books Ltd
_c
2014
300
_a
30 pages
999
_c
356393
_d
356393